| 000 | 00777nam a22002057a 4500 | ||
|---|---|---|---|
| 008 | 250611b |||||||| |||| 00| 0 eng d | ||
| 020 | _a924154207 | ||
| 040 |
_aCUZ _beng _crda _dCUZ _erda |
||
| 050 | _aRA651.A6B8BRE | ||
| 100 | _aP.Bres | ||
| 245 |
_aPublic Health action in emergencies caused by epidemics : _bA practical guide _cby P.Bres |
||
| 264 |
_aSwitzerland _bWorld health organisation _c©1986 |
||
| 300 | _aextent xi,287pages | ||
| 336 |
_atext _btxt |
||
| 337 |
_aunmediated _bn |
||
| 338 | _2rdacarrier | ||
| 500 | _aincludes bibliography | ||
| 650 |
_aExplanation of terms and general lines of action _aOrganization of an emergency health service _aProcedures for epidemiological investigations |
||
| 942 |
_cOS _i651.A6B8BRE _kRA |
||
| 999 |
_c45136 _d45136 |
||